Citez les pays situés sur deux continents - Statistiques

Statistiques générales
  • Ce quiz a été pris 147 fois
  • Le résultat moyen est 10 sur 22
Statistiques - réponses
Continents Réponse % Correct
Asie / Europe Russie
97%
Asie / Europe Turquie
90%
Europe / Afrique / Amérique du Nord / Amérique du Sud / Océanie France
72%
Europe / Afrique Espagne
71%
Europe / Amérique du Nord / Amérique du sud / Asie / Océanie / Afrique Royaume-Uni
60%
Afrique / Asie Égypte
53%
Amérique du Nord / Europe Danemark
52%
Europe / Afrique / Amérique du Nord Portugal
52%
Océanie / Asie Australie
49%
Amérique du Nord / Amérique du Sud Panama
44%
Europe / Amérique du Nord, Amérique du sud Pays-Bas
40%
Asie / Europe Géorgie
39%
Asie / Océanie Japon
38%
Europe / Afrique Italie
35%
Asie / Europe Azerbaïdjan
34%
Amérique du Sud / Amérique du Nord Colombie
33%
Amérique du Sud / Océanie Chili
32%
Asie / Europe Kazakhstan
29%
Europe / Asie Grèce
21%
Asie / Afrique Yemen
13%
Amérique du Sud / Amerique du Sud Venezuela
12%
Amérique du Nord / Asie États-Unis d’Amérique
1%
Aucun quiz correspondant
Distribution des résultats
% des personnes avec chaque résultat
Percentile par nombre de réponses
Votre historique - résultats
Vous n’avez pas pris ce quiz